Normal view
MARC view
- تعليم المرأة العربية-الإسلام والتراث
Entry Topical Term
001 - CONTROL NUMBER
- control field: 14262
003 - CONTROL NUMBER IDENTIFIER
- control field: JO-AjAnu
005 - DATE AND TIME OF LATEST TRANSACTION
- control field: 20230606072558.0
008 - FIXED-LENGTH DATA ELEMENTS
- fixed length control field: 230606|| aca||aabn | a|a d
040 ## - CATALOGING SOURCE
- Original cataloging agency: JO-AjAnu
- Transcribing agency: JO-AjAnu
150 ## - HEADING--TOPICAL TERM
- Topical term or geographic name entry element: تعليم المرأة العربية-الإسلام والتراث
670 ## - SOURCE DATA FOUND
- Source citation: Work cat.: (JO-AjAnu)7329: فريد،زينب محمد, author 14261, تعليم المرأة العربية في التراث وفي المجتمعات العربية المعاصرة